| 000 | 00570nam a2200217Ia 4500 | ||
|---|---|---|---|
| 003 | LK-CoDNM | ||
| 005 | 20240209110629.0 | ||
| 008 | 010623t1945 xxu||||| |||| 00| 1 sin d | ||
| 040 |
_aLK-CoDNM _dLK-CoDNM _eLK-CoDNM |
||
| 041 | _asin | ||
| 080 |
_a104 _bR 13 |
||
| 245 | _aදිනමිණ වෙසක් කලාපය | ||
| 246 | _aDinamina Vesak Kalaapaya | ||
| 260 |
_bLake House _aColombo _c1945 |
||
| 300 | _b56p., 27 cm | ||
| 650 | _aGurulugoomi | ||
| 650 | _aRaveendranaatha Taagoor | ||
| 650 | _aReligious Order | ||
| 650 | _aTibet | ||
| 942 | _cBK | ||
| 999 |
_c100577 _d100577 |
||